| 000 | 00346nam a22001457a 4500 | ||
|---|---|---|---|
| 020 | _qPB. | ||
| 040 | _cFIZZA ISHAQ | ||
| 082 |
_a004 _bDEB |
||
| 100 |
_aMORLAY, DEBORAH. _955513 |
||
| 245 |
_aUNDERSTANDING COMPUTERS / _cDEBORAH MORLAY |
||
| 250 | _a6TH ED. | ||
| 260 |
_aNEW YORK : _bLEARNING, _c2013. |
||
| 300 | _a327 P. ; | ||
| 942 |
_2ddc _cBK |
||
| 999 |
_c566352 _d566352 |
||